Case analysis of child with autism: input to behavioral modification program (Record no. 313)
[ view plain ]
| 000 -LEADER | |
|---|---|
| fixed length control field | 02965nam a22002297a 4500 |
| 003 - CONTROL NUMBER IDENTIFIER | |
| control field | URS |
| 005 - DATE AND TIME OF LATEST TRANSACTION | |
| control field | 20220117113507.0 |
| 008 - FIXED-LENGTH DATA ELEMENTS--GENERAL INFORMATION | |
| fixed length control field | 170121b xxu||||| |||| 00| 0 eng d |
| 040 ## - | |
| -- | URS |
| 041 ## - LANGUAGE CODE | |
| Language code of text/sound track or separate title | eng |
| 050 00 - LIBRARY OF CONGRESS CALL NUMBER | |
| Classification number | RJ 506 |
| Item number | .C263 2014 |
| 245 ## - TITLE STATEMENT | |
| Title | <a href="Case analysis of child with autism: input to behavioral modification program">Case analysis of child with autism: input to behavioral modification program</a> |
| Statement of responsibility, etc | Chanda Mae L. Villadiego... [et al.]. |
| 260 ## - PUBLICATION, DISTRIBUTION, ETC. (IMPRINT) | |
| Date of publication, distribution, etc | 2014 |
| 300 ## - PHYSICAL DESCRIPTION | |
| Extent | 76 leaves : |
| Other physical details | illustrations ; |
| Dimensions | 28 cm. |
| 502 ## - DISSERTATION NOTE | |
| Degree type | Thesis (Bachelor of Science in Elementary Education major in Special Education) -- University of Rizal System-Morong. |
| 520 ## - SUMMARY, ETC. | |
| Summary, etc | EXECUTIVE SUMMARY: This study was conducted to determine the present level of performance of child with autism and to develop appropriate behavior modification program to address the weakness of the child found during the course of the study. The research was conducted during the academic year 2013-2014 in University of Rizal System Morong Rizal. The subject of the study is child with autism. This research used case study and descriptive research design. Assessment tools as interview to parent and teachers and observational checklist were utilized to gather information regarding the PLOP of child with autism to determine his strength and weaknesses. Mean and qualitative discussion were the statistical treatment used to answer the problem in line with the study. The researchers conducted observation and interview where the child with autism encountered difficulties. The result of the data showed that the child with autism can perform well in different functional areas of development, such as communication and socialization skills. On the other hand, he needs helps in socialization and he cannot do well in social interactions skills, thus, he requires full assistance from adult. To address the needs and weaknesses of the child with autism, a questionnaire checklist was developed. Questionnaire checklist was carefully selected to meet objectives set for child with autism to achieve desired learning outcomes. Therefore the developed behavior modification program is very accommodating and truly appropriate for this kind of person which helps to provide conducive outcomes of the needs of the child. The researchers recommended to engage the child in different events to enhance his socialization; provide programs and seminars in school about behavior modification strategies to elicit the awareness on how to handle the behavior of child with autism; organize a session for occupational therapy that will focus on the child's behavior such as play therapy, speech therapy and physical therapy; use the applied behavior analysis (ABA) techniques and principles to bring about meaningful and positive changes in behavior. |
| 650 ## - SUBJECT ADDED ENTRY--TOPICAL TERM | |
| Topical term or geographic name as entry element | Autistic children -- Behavior modification. |
| 700 1# - ADDED ENTRY--PERSONAL NAME | |
| Personal name | Francisco, Rysell Chelsea J. |
| Relator term | author |
| 700 1# - ADDED ENTRY--PERSONAL NAME | |
| Personal name | Hernandez, Jenine DC. |
| Relator term | author |
| 700 1# - ADDED ENTRY--PERSONAL NAME | |
| Personal name | San Miguel, Roselyn C. |
| Relator term | author |
| 942 ## - ADDED ENTRY ELEMENTS (KOHA) | |
| Source of classification or shelving scheme | Library of Congress Classification |
| Koha item type | Theses and dissertations |
| Withdrawn status | Source of classification or shelving scheme | Damaged status | Not for loan | Collection code | Home library | Current library | Date acquired | Total Checkouts | Full call number | Barcode | Date last seen | Copy number | Price effective from | Koha item type |
|---|---|---|---|---|---|---|---|---|---|---|---|---|---|---|
| Library of Congress Classification | Reference | Morong College Library | Morong College Library | 01/21/2017 | RJ 506 .C263 2014 | URSMOR-CL-002868 | 06/06/2017 | 1 | 02/27/2019 | Theses and dissertations |